فن الحوار والتفاوض / (رقم التسجيلة. 91036)

تفاصيل مارك
000 -الفاتح
عناصر البيانات ثابتة الطول 00678cam a2200193 i 4500
005 - تاريخ ووقت آخر معاملة
حقل ضبط 20251111093819.0
008 - عناصر البيانات ثابتة الطول
عناصر البيانات ثابتة الطول 250721s9999 ua gr 000 0 ara d
082 14 - رقم تصنيف ديوي العشري
رقم التصنيف 158.4
رقم المادة ب د ر
100 1# - مدخل رئيسي – اسم شخصي
الاسم الشخصي بدران، عمرو حسن احمد
علاقة الشخص بالعمل/ دوره مؤلف.
245 10 - بيان العنوان
العنوان فن الحوار والتفاوض /
بيان المسؤولية تأليف دكتور عمرو حسن أحمد بدران.
246 11 - الأشكال المختلفة للعنوان
العنوان الفعلي/العنوان المختصر dialogue and negotiation art
264 31 - بيانات النشر، التوزيع…إلخ
مكان النشر، التوزيع...إلخ المنصورة :
اسم الناشر، الموزع...إلخ مكتبة جزيرة الورد،
تاريخ النشر، التوزيع...إلخ [بين 2005 و2011].
300 ## - الوصف المادي
عدد الوحدات المكونة للوعاء 80 صفحة.
650 17 - مدخل إضافي بالموضوع - مصطلح موضوعي
مصطلح موضوعي أو اسم جغرافي كعنصر مدخل علم النفس.
650 17 - مدخل إضافي بالموضوع - مصطلح موضوعي
مصطلح موضوعي أو اسم جغرافي كعنصر مدخل التفاوض.
650 17 - مدخل إضافي بالموضوع - مصطلح موضوعي
مصطلح موضوعي أو اسم جغرافي كعنصر مدخل الحوار.
942 ## - بيانات إضافية (كوها)
نوع التنصيف Dewey Decimal Classification
نوع المادة (كوها) كتب
المقتنيات
حالة السحب حالة الفقدان مصدر التصنيف حالة التلف غير قابل للإعارة المكتبة الرئيسية المكتبة الحالية موقع الرف تاريخ التزويد الرقم المتسلسل Total Checkouts رقم الإستدعاء الباركود تاريخ آخر ظهور تاريخ الفاتورة نوع المادة (كوها)
    Dewey Decimal Classification     المكتبة المركزية المكتبة المركزية الإعارة 19/11/2016 1650168   158.4 / ب د ر PLD00399355 28/07/2025 19/11/2016 كتب
    Dewey Decimal Classification     مكتبة الأميرة ايمان العامة مكتبة الأميرة ايمان العامة الإعارة 28/07/2025 761368   158.4 /بدر 761368 28/07/2025 28/07/2025 كتب
    Dewey Decimal Classification     مكتبة الجويدة مكتبة الجويدة الإعارة 28/07/2025 761372   158.4 /بدر 761372 28/07/2025 28/07/2025 كتب
    Dewey Decimal Classification     مكتبة الحسن العامة مكتبة الحسن العامة الإعارة 28/07/2025 761373   158.4 /بدر 761373 28/07/2025 28/07/2025 كتب
    Dewey Decimal Classification     مكتبة صويلح العامة مكتبة صويلح العامة الإعارة 28/07/2025 761369   158.4 /بدر 761369 28/07/2025 28/07/2025 كتب
    Dewey Decimal Classification     مكتبة وادي السير العامة مكتبة وادي السير العامة الإعارة 28/07/2025 761377   158.4 /بدر 761377 28/07/2025 28/07/2025 كتب
Implemented & Customized by: BBB with SCIT (Smart Chains for Information Technology)

Powered by Koha